<?xml version="1.0" encoding="UTF-8"?>
<collection xmlns="http://www.loc.gov/MARC21/slim">
 <record>
  <leader>00636pamaa2200193   4500</leader>
  <controlfield tag="001">0000020241</controlfield>
  <controlfield tag="005">20060505090000.0</controlfield>
  <datafield tag="020" ind1="0" ind2="0">
   <subfield code="a">0913028819 </subfield>
  </datafield>
  <datafield tag="082" ind1=" " ind2=" ">
   <subfield code="a">261.515 TIL</subfield>
  </datafield>
  <datafield tag="090" ind1="0" ind2="0">
   <subfield code="a">BM65.M4 </subfield>
   <subfield code="b">TIL</subfield>
  </datafield>
  <datafield tag="100" ind1="1" ind2="0">
   <subfield code="a">TILLICH </subfield>
  </datafield>
  <datafield tag="245" ind1="1" ind2="4">
   <subfield code="a">The meaning of health : </subfield>
   <subfield code="b">the relation of religion and health  </subfield>
   <subfield code="c">Paul Tillich ; edited and introduction by Paul Lee.</subfield>
  </datafield>
  <datafield tag="260" ind1="0" ind2="0">
   <subfield code="a">California: </subfield>
   <subfield code="b">North Atlantic Books, </subfield>
   <subfield code="c">1981.</subfield>
  </datafield>
  <datafield tag="300" ind1=" " ind2=" ">
   <subfield code="a">60p.; </subfield>
   <subfield code="c">23cm.</subfield>
  </datafield>
  <datafield tag="650" ind1="0" ind2="0">
   <subfield code="a">Christianity -- </subfield>
   <subfield code="x">Psychology </subfield>
  </datafield>
  <datafield tag="650" ind1="0" ind2="0">
   <subfield code="a">Psychoanalysis and religion </subfield>
  </datafield>
  <datafield tag="650" ind1="0" ind2="0">
   <subfield code="a">Psychotherapy -- </subfield>
   <subfield code="x">Religious aspects </subfield>
  </datafield>
  <datafield tag="650" ind1="0" ind2="0">
   <subfield code="a">Health -- </subfield>
   <subfield code="x">Religious aspects </subfield>
  </datafield>
  <datafield tag="650" ind1="0" ind2="0">
   <subfield code="a">Existentialism </subfield>
  </datafield>
 </record>
</collection>
